000 00936nam a22002777a 4500
999 _c13477
_d13477
003 MIRAKIL
005 20190911142456.0
008 190911b tu ||||| |||| 00| 0 tur d
020 _a9786052985328
040 _aTR-AnCHP
_cTR-AnCHP
041 _atur
082 _a923.1561
_bC67d 2019
100 1 _aCoşkun, Alev
245 1 0 _aDiplomat İnönü :
_bLozan /
_cAlev Coşkun.
246 _aLozan Antlaşması
260 _aİstanbul:
_bKırmızı kedi yayınevi,
_c2019.
_fPasifik ofset.
300 _a496 s.:
_bfotg.;
_c23 sm.
490 0 _aKırmızı kedi yayınevi;
_aTürk devrimi;
_v1139.
_v6.
504 _aKaynakça ve dizin vardır.
600 1 4 _91800
_aİnönü, İsmet
_d1884-1973
_xyaşamöyküsü
650 0 _95965
_aLozan Antlaşması
_y24 Temmuz 1923
650 0 _94
_aTürkiye
_xUluslararası ilişkiler
_xAnlaşmalar
650 4 _91099
_aTarih
_xTürkiye
_y1922-1923
740 _aLozan Antlaşması
942 _2ddc
_cBKS